Socialisme utopic i socialisme cientific / (Record no. 59814)

MARC details
000 -LEADER
campo de control de longitud fija 00590nam a2200193 i 4500
001 - NÚMERO DE CONTROL
campo de control 59814
003 - IDENTIFICADOR DE NÚMERO DE CONTROL
campo de control ES-MaACL
005 - FECHA Y HORA DE LA ÚLTIMA TRANSACCIÓN
campo de control 20250919111020.0
007 - CAMPO FIJO DE DESCRIPCIÓN FÍSICA--INFORMACIÓN GENERAL
campo de control de longitud fija t|
008 - DATOS DE LONGITUD FIJA--INFORMACIÓN GENERAL
campo de control de longitud fija 031030s1968 sp ||||1| cat d
100 1# - ENTRADA PRINCIPAL--NOMBRE DE PERSONA
Nombre de persona Engels, Friedrich.
9 (RLIN) 47225
245 10 - MENCIÓN DEL TÍTULO
Título Socialisme utopic i socialisme cientific /
Mención de responsabilidad, etc. Friedrich Engels ; [traducció de Jordi Solé-Tura].
250 ## - MENCION DE EDICION
Mención de edición [1ª ed.].
260 ## - PUBLICACIÓN, DISTRIBUCIÓN, ETC.
Lugar de publicación, distribución, etc. Barcelona :
Nombre del editor, distribuidor, etc. Edicions 62,
Fecha de publicación, distribución, etc. [1968]
300 ## - DESCRIPCIÓN FÍSICA
Extensión 117 p. ;
Dimensiones 18 cm.
700 1# - ENTRADA AGREGADA--NOMBRE PERSONAL
Nombre de persona Solé Tura, Jordi,
Fechas asociadas al nombre 1930-2009
9 (RLIN) 107136
852 ## - LOCALIZACIÓN
Ubicación ES-MaACL
Número de control de estantería C-36830
Sublocalización o colección R.68003
Holdings
Estatus retirado Estado de pérdida Estado de daño No para préstamo Biblioteca de origen Biblioteca actual Ubicación en estantería Fecha de adquisición Fuente de adquisición Total de préstamos Signatura topográfica completa Código de barras Visto por última vez Precio de reemplazo Tipo de ítem Koha
        Biblioteca del Ateneo de Madrid Biblioteca del Ateneo de Madrid Depósito 2 17/01/2008     C-36830 1062734 23/02/2023 23/02/2023 Libro impreso